5HLuxD.jpg

KING HENRY VIII SENIOR AND PRIMARY SCHOOL LIBRARY OPAC

The director's craft : (Record no. 2924)

000 -LEADER
fixed length control field 01528cam a2200253 a 4500
001 - CONTROL NUMBER
control field 15250711
003 - CONTROL NUMBER IDENTIFIER
control field OSt
005 - DATE AND TIME OF LATEST TRANSACTION
control field 20230912111400.0
008 - FIXED-LENGTH DATA ELEMENTS--GENERAL INFORMATION
fixed length control field 080407s2009 nyua bf 001 0 eng
010 ## - LIBRARY OF CONGRESS CONTROL NUMBER
LC control number 2008015949
020 ## - INTERNATIONAL STANDARD BOOK NUMBER
International Standard Book Number 9780415404396 (pb : alk. paper)
020 ## - INTERNATIONAL STANDARD BOOK NUMBER
International Standard Book Number 0415404398 (pb : alk. paper)
035 ## - SYSTEM CONTROL NUMBER
System control number (OCoLC)ocn222250640
040 ## - CATALOGING SOURCE
Original cataloging agency DLC
Transcribing agency DLC
Modifying agency YDX
-- BAKER
-- BTCTA
-- YDXCP
-- BWK
-- BWX
-- OCLNG
-- CDX
-- OCLCQ
-- VVC
-- DLC
-- KH8
082 00 - DEWEY DECIMAL CLASSIFICATION NUMBER
Classification number 792.02 MIT
Edition number 22
100 1# - MAIN ENTRY--PERSONAL NAME
Personal name Mitchell, Katie,
Relator term author.
245 14 - TITLE STATEMENT
Title The director's craft :
Remainder of title a handbook for the theatre /
Statement of responsibility, etc. Katie Mitchell.
260 ## - PUBLICATION, DISTRIBUTION, ETC.
Place of publication, distribution, etc. New York, NY :
Name of publisher, distributor, etc. Routledge,
Date of publication, distribution, etc. 2009.
300 ## - PHYSICAL DESCRIPTION
Extent xii, 243 p. :
Other physical details ill. ;
Dimensions 24 cm.
504 ## - BIBLIOGRAPHY, ETC. NOTE
Bibliography, etc. note Includes bibliographical references and index.
505 0# - FORMATTED CONTENTS NOTE
Formatted contents note Preparing for rehearsals. Organising your early responses to the text ; Organising information about each scene ; Investigating the big ideas of the play ; Analysing the action of the play ; Deepening work on character ; Building relationship with your production team ; Selecting actors and testing starting points for rehearsals ; Preparing the rehearsal environment -- Rehearsals. The initial few days of rehearsal ; Building the world of the play ; Working on the scenes of the play -- Getting into the theatre and the public performances. Technical and dress rehearsals ; The public performances -- Context and sources. How I learnt the skills the book describes.
650 #0 - SUBJECT ADDED ENTRY--TOPICAL TERM
Topical term or geographic name entry element Theater
General subdivision Production and direction
Form subdivision Handbooks, manuals, etc.
942 ## - ADDED ENTRY ELEMENTS (KOHA)
Source of classification or shelving scheme
Koha item type Teaching Resources
Holdings
Withdrawn status Lost status Source of classification or shelving scheme Damaged status Not for loan Collection code Permanent Location Current Location Shelving location Date acquired Full call number Barcode Date last seen Price effective from Koha item type Total Checkouts Date due Date last checked out
          Teaching Resources KH8 Senior School Library KH8 Senior School Library Staff Office 2023-09-12 792.02 MIT TRKHSL003045 2023-09-12 2023-09-12 Teaching Resources      
          Teaching Resources KH8 Senior School Library KH8 Senior School Library Staff Office 2023-09-12 792.02 MIT TRKHSL003046 2025-08-27 2023-09-12 Teaching Resources 1 2026-07-03 2025-08-27

Powered By KH8 IT Dept